000 00522nam a2200205Ia 4500
005 20250326144249.0
008 250326s9999 xx 000 0 und d
020 _a978-0-27806-7
037 _aTextbook
040 _aFMSL
_beng
_cFMSL
041 _aeng
_2eng
084 _aX:87 P8
_qFMSL
100 _aBoxer S
_9749341
245 0 _aUltimate bloges
_cBoxer S
260 _aNy
_bNy, Vintage
_c2008
300 _a339p
365 _b505.39999999999998
942 _cTB
_hX:87 P8
999 _c1303044
_d1303044